000 00550nam a2200181 i 4500
001 103860
003 ES-MaACL
005 20230906183447.0
007 t|
008 051118s1958 sp ||||1| spa d
245 0 0 _aMetalografía del acero.
260 _aVitoria :
_b[s.n.],
_c1958 (
_fTall. Tip. de Jesús Obrero)
300 _a120 p., 12 h. :
_bil. ;
_c22 cm.
490 1 _aFormación profesional. Jesús Obrero
830 0 _aFormación profesional. Jesús Obrero
_9184817
852 _aES-MaACL
_jC-16631
_bR.43742
999 _c103860
_d103860